Pisa Sporting Club Squad 2025-2026 - Statistics

General Stats
  • This quiz has been taken 124 times
    53 since last reset
  • The average score is 17 of 39
Answer Stats
# Position Nation Player % Correct
6 MF Romania Marius Marin
82%
1 GK Croatia Adrian Šemper
79%
18 FW Angola M'Bala Nzola
79%
- Coach Italy Alberto Gilardino
71%
4 DF Italy Antonio Caracciolo
71%
10 MF Italy Matteo Tramoni
68%
17 FW Nigeria Rafiu Durosinmi
68%
3 DF Italy Samuele Angori
68%
22 GK Italy Simone Scuffet
68%
9 FW Denmark Henrik Meister
64%
11 MF Colombia Juan Cuadrado
64%
20 MF Switzerland Michel Aebischer
64%
15 MF Germany Idrissa Touré
61%
- Coach Sweden Oscar Hiljemark
61%
39 DF Spain Raúl Albiol
61%
5 DF Italy Simone Canestrelli
61%
32 MF Italy Stefano Moreo
57%
14 MF Nigeria Ebenezer Akinsanmiro
50%
7 FW Algeria Mehdi Léris
50%
12 GK Brazil Nícolas
50%
99 MF Brazil Lorran
46%
23 MF Netherlands Calvin Stengs
39%
33 DF Italy Arturo Calabresi
36%
35 MF Chile Felipe Loyola
32%
26 DF Italy Francesco Coppola
29%
81 FW Switzerland Filip Stojilković
25%
8 MF Denmark Malthe Højholt
25%
2 DF Bulgaria Rosen Bozhinov
25%
36 MF Italy Gabriele Piccinini
21%
47 DF Brazil Mateus Lusuardi
21%
19 DF England Samuel Iling-Junior
21%
94 DF Italy Giovanni Bonfanti
18%
21 MF Turkey İsak Vural
18%
16 FW Czech Republic Louis Buffon
18%
44 DF Switzerland Daniel Denoon
14%
19 DF Portugal Tomás Esteves
14%
34 GK Croatia Ante Vuković
7%
76 DF Belgium Jeremy Mbambi
7%
72 MF Italy Giacomo Maucci
0%
No matching quizzes found
Score Distribution
Percent of People with Each Score
Percentile by Number Answered
Your Score History
You have not taken this quiz since the last reset